| 000 | 00404nam a22001217a 4500 | ||
|---|---|---|---|
| 082 | _a220 PRO | ||
| 100 |
_aNC RAJA AEKANT NC SYED USMAN ALI _973037 |
||
| 245 | _aPR-SOF-1910-X-Band Design of Linear Travelling Wave Slotted Array Waveguide Antenna | ||
| 260 |
_aISLAMABAD _bNUST COLLEGE OF EME _c2020 |
||
| 650 | _aDE-COMP-38 | ||
| 700 |
_aPROJECT SUPERVISOR ASST. PROF. ZUBAIR AHMED _973038 |
||
| 942 | _cCR | ||
| 999 |
_c578930 _d578930 |
||